South Eastern Kenya University

Library Online Public Access Catalogue


Financial inclusion and growth of deposit taking Sacco's in Eastern region in Kenya/ a research project submitted in partial fulfilment of the requirements for the degree of Master of Business Administration (Finance Option South Eastern Kenya University (Record no. 18743)

MARC details
000 -LEADER
fixed length control field 00646nam a22001697a 4500
003 - CONTROL NUMBER IDENTIFIER
control field OSt
005 - DATE AND TIME OF LATEST TRANSACTION
control field 20260127065858.0
008 - FIXED-LENGTH DATA ELEMENTS--GENERAL INFORMATION
fixed length control field 260127b |||||||| |||| 00| 0 eng d
040 ## - CATALOGING SOURCE
Original cataloging agency SEKU
050 ## - LIBRARY OF CONGRESS CALL NUMBER
Classification number TK 7871
Item number .W36
100 ## - MAIN ENTRY--PERSONAL NAME
Personal name Wambua, Ndimi A Miriam
245 ## - TITLE STATEMENT
Title Financial inclusion and growth of deposit taking Sacco's in Eastern region in Kenya/ a research project submitted in partial fulfilment of the requirements for the degree of Master of Business Administration (Finance Option South Eastern Kenya University
260 ## - PUBLICATION, DISTRIBUTION, ETC. (IMPRINT)
Place of publication, distribution, etc. SEKU:
Name of publisher, distributor, etc. SEKU,
Date of publication, distribution, etc. 2025.
300 ## - PHYSICAL DESCRIPTION
Extent 127p.:
650 ## - SUBJECT ADDED ENTRY--TOPICAL TERM
Topical term or geographic name as entry element Finance
Form subdivision Sacco's
942 ## - ADDED ENTRY ELEMENTS (KOHA)
Source of classification or shelving scheme Library of Congress Classification
Koha item type Shortloan
Holdings
Withdrawn status Lost status Source of classification or shelving scheme Damaged status Not for loan Home library Current library Shelving location Date acquired Source of acquisition Total Checkouts Full call number Barcode Date last seen Price effective from Koha item type
    Library of Congress Classification     Kitui Town Campus Library Kitui Town Campus Library Shortloan 27/01/2026 Donation   TK 7871 .W36 2025/028906 27/01/2026 27/01/2026 Shortloan
Kitui, Kenya.
+254736116989
library@seku.ac.ke